|
|
|
|
| LEADER |
00000nam a22000007a 4500 |
| 005 |
20181229155415.0 |
| 007 |
cr|||| |||| |
| 008 |
181229s2018 kz |||||s|||| 00||0 eng d |
| 035 |
|
|
|a 1978
|
| 040 |
|
|
|a vLex
|
| 090 |
|
|
|c 8404
|d 8404
|
| 245 |
0 |
0 |
|a Mondaq Kazajstan
|h [Recurso electrn̤ico] /
|
| 256 |
|
|
|a Servicio en ln̕ea
|
| 260 |
|
|
|a Astan:̀
|b Mondaq,
|c 2018
|
| 300 |
|
|
|a 1 recurso electrn̤ico
|
| 490 |
|
0 |
|a Mondaq Business Briefing
|
| 500 |
|
|
|a Kazajstan Law Articles in English
|
| 506 |
1 |
|
|a Disponible solo en los productos indicados
|d vLex Global
|d vLex Global (Academic Edition, excluding Law Schools)
|d vLex Global (U.S. Academic Edition, Law Schools)
|d vLex Global (U.S. Academic Edition, excluding Law Schools)
|d vLex Global (Academic Edition, Law Schools)
|
| 650 |
0 |
4 |
|a Derecho Pb︢lico y Administrativo
|z Kazajstan
|
| 740 |
0 |
|
|a vLex Libros (Servicio en ln̕ea)
|
| 856 |
4 |
0 |
|u http://vlex.com/source/1978
|z Acceso restringido
|
| 942 |
|
|
|c BOOK
|
| 999 |
0 |
|
|a Public and Administrative Law
|